| 000 | 00561nam a22002057a 4500 | ||
|---|---|---|---|
| 003 | OSt | ||
| 005 | 20220107122733.0 | ||
| 008 | 140408b xxu||||| |||| 00| 0 eng d | ||
| 020 | _a9788131775172 | ||
| 040 | _cIIITM-K | ||
| 082 | _a006.74H GEA/C | ||
| 100 |
_aGeary, David _93713 |
||
| 245 |
_aCore HTML canvas: _bGraphics, animation and game development _cby David Geary |
||
| 260 |
_aNew Delhi, _bPearson, _c2013. |
||
| 300 | _axxv, 723p. | ||
| 650 |
_aCOMPUTER SCIENCE _93714 |
||
| 650 |
_aWEB GRAPHICS _93715 |
||
| 650 |
_aHTML 5 _93716 |
||
| 942 |
_2ddc _cBK |
||
| 999 |
_c3738 _d3738 |
||